VHDL : (Record no. 27104)
[ view plain ]
| 000 -LEADER | |
|---|---|
| fixed length control field | 00872cam a22002775i 4500 |
| 001 - CONTROL NUMBER | |
| control field | 14041848 |
| 003 - CONTROL NUMBER IDENTIFIER | |
| control field | OSt |
| 005 - DATE AND TIME OF LATEST TRANSACTION | |
| control field | 20190210142424.0 |
| 008 - FIXED-LENGTH DATA ELEMENTS--GENERAL INFORMATION | |
| fixed length control field | 050718s2005 njua fr 001 0 eng d |
| 020 ## - INTERNATIONAL STANDARD BOOK NUMBER | |
| International Standard Book Number | 0131457357 (pbk.) |
| 020 ## - INTERNATIONAL STANDARD BOOK NUMBER | |
| International Standard Book Number | 9780131457355 |
| 035 ## - SYSTEM CONTROL NUMBER | |
| System control number | (OCoLC)ocm58693909 |
| 040 ## - CATALOGING SOURCE | |
| Original cataloging agency | SITPL |
| Transcribing agency | SITPL |
| Modifying agency | TXA |
| -- | EG-ScBUE |
| Language of cataloging | eng |
| 082 04 - DEWEY DECIMAL CLASSIFICATION NUMBER | |
| Classification number | 621.392 |
| Edition number | 22 |
| Item number | YAL |
| 100 1# - MAIN ENTRY--PERSONAL NAME | |
| Personal name | Yalamanchili, Sudhakar. |
| 245 10 - TITLE STATEMENT | |
| Title | VHDL : |
| Remainder of title | a starter's guide / |
| Statement of responsibility, etc | Sudhakar Yalamanchili. |
| 250 ## - EDITION STATEMENT | |
| Edition statement | 2nd ed. |
| 300 ## - PHYSICAL DESCRIPTION | |
| Extent | xiv, 241 pages : |
| Other physical details | illustrations ; |
| Dimensions | 24 cm. |
| 336 ## - CONTENT TYPE | |
| Source | rdacontent |
| Content type term | txt |
| 337 ## - MEDIA TYPE | |
| Source | rdamedia |
| Media type term | unmediated |
| 338 ## - CARRIER TYPE | |
| Source | rdacarrier |
| Carrier type term | volume |
| 500 ## - GENERAL NOTE | |
| General note | Includes index. |
| 650 #7 - SUBJECT ADDED ENTRY--TOPICAL TERM | |
| Topical term or geographic name as entry element | VHDL (Computer hardware description language). |
| Source of heading or term | BUEsh |
| 9 (RLIN) | 34515 |
| 650 #7 - SUBJECT ADDED ENTRY--TOPICAL TERM | |
| Topical term or geographic name as entry element | Very high speed integrated circuits |
| Source of heading or term | BUEsh |
| 9 (RLIN) | 41970 |
| Form subdivision | Computer-aided design. |
| 942 ## - ADDED ENTRY ELEMENTS (KOHA) | |
| Source of classification or shelving scheme | Dewey Decimal Classification |
| Koha item type | Book - Borrowing |
| Withdrawn status | Lost status | Source of classification or shelving scheme | Damaged status | Not for loan | Home library | Current library | Shelving location | Date acquired | Source of acquisition | Cost, normal purchase price | Serial Enumeration / chronology | Total Checkouts | Full call number | Barcode | Date last seen | Price effective from | Koha item type |
|---|---|---|---|---|---|---|---|---|---|---|---|---|---|---|---|---|---|
| Dewey Decimal Classification | Central Library | Central Library | First floor | 10/02/2019 | Purchase | 195.00 | 76747 | 621.392 YAL | 000034292 | 15/07/2025 | 10/02/2019 | Book - Borrowing |